Nationality of All Warzone Operators - Statistics

General Stats
  • This quiz has been taken 145 times
    44 since last reset
  • The average score is 9 of 34
Answer Stats
Operators Nationality % Correct
Ghost, Thorne, Charly, Otter, Price, Gaz, Park, Soap, Butcher, Hendry, and Stone United Kingdom
97%
Ronin, Alex, D-Day, Raines, Alice, Woods, Griggs, Sparks, Mace, Syd, Lerch, Roze, Velikan, Hunter, Adler, Baker, Sims, Bulldozer, Wolf, McClane, Rambo, Stryker, Hudson, Mason, Powers, Daniel, Francis, Lewis, Snoop, Mateo, Florence, and Wade United States
83%
Bale, Minotaur, Rodion, Nikto, Nikolai, Portnova, Weaver, Stitch, Antonov, and Polina Russia
76%
Domino and Beatrice France
38%
Golem, Maxis, Beck, and Constanze Germany
38%
Morte Italy
38%
Padmavati India
34%
Song and Kim South Korea
34%
Azur and Salah Egypt
31%
Kitsune and Shigenori Japan
31%
Wyatt and Lucas Australia
28%
Talon and Thomas Canada
28%
Yegor Ukraine
28%
Krueger and Anna Austria
24%
Fuze Spain
24%
Mara Venezuela
24%
Knight Ireland
21%
Farah and Iskra Urzikstan
21%
Naga Laos
17%
Zane and Olowe Nigeria
17%
Gustavo Brazil
14%
Vargas Colombia
14%
Lazar Israel
14%
Wraith Norway
14%
Isabella Philippines
14%
Jackal South Africa
14%
Arthur Cameroon
10%
Garcia Cuba
10%
Roland Luxembourg
10%
Solange Netherlands
10%
Rivas Nicaragua
10%
Zeyna Senegal
10%
Halima Somalia
10%
Grinch Democratic Republic of the Congo
7%
No matching quizzes found
Score Distribution
Percent of People with Each Score
Percentile by Number Answered
Your Score History
You have not taken this quiz since the last reset